<?xml version="1.0" encoding="UTF-8"?>
<collection xmlns="http://www.loc.gov/MARC21/slim">
  <record>
    <leader>00000nam  2200000   4500</leader>
    <controlfield tag="001">INLIS000000000018780</controlfield>
    <controlfield tag="005">20241212095931</controlfield>
    <datafield tag="035" ind1="#" ind2="#">
      <subfield code="a">0010-1224000151</subfield>
    </datafield>
    <controlfield tag="007">ta</controlfield>
    <controlfield tag="008">241212################g##########0#ind##</controlfield>
    <datafield tag="020" ind1="#" ind2="#">
      <subfield code="a">979 442 111 1</subfield>
    </datafield>
    <datafield tag="082" ind1="#" ind2="#">
      <subfield code="a">658.812</subfield>
    </datafield>
    <datafield tag="084" ind1="#" ind2="#">
      <subfield code="a">658.812 MOR m</subfield>
    </datafield>
    <datafield tag="100" ind1=" " ind2="#">
      <subfield code="a">Morgan, Rebecca L.</subfield>
    </datafield>
    <datafield tag="245" ind1="1" ind2="#">
      <subfield code="a">Melayani Pelanggan Kecewa :</subfield>
      <subfield code="b">tetap efektif dalam kondisi kesal /</subfield>
      <subfield code="c">Rebecca L. Morgan</subfield>
    </datafield>
    <datafield tag="250" ind1="#" ind2="#">
      <subfield code="a">Cetakan ke 1</subfield>
    </datafield>
    <datafield tag="260" ind1="#" ind2="#">
      <subfield code="a">Jakarta :</subfield>
      <subfield code="b">PPM,</subfield>
      <subfield code="c">2001</subfield>
    </datafield>
    <datafield tag="300" ind1="#" ind2="#">
      <subfield code="a">xiv, 86 halaman :</subfield>
      <subfield code="b">ilus ;</subfield>
      <subfield code="c">20,5 cm</subfield>
    </datafield>
    <datafield tag="650" ind1="#" ind2="4">
      <subfield code="a">Customer Service</subfield>
    </datafield>
    <datafield tag="520" ind1="#" ind2="#">
      <subfield code="a">Pelanggan sangat menentukan kelangsungan hidup suatu usaha. Pada beberapa jenis usaha, jarang dijumpai pelanggan yang kecewa. Namun, bila seseorang pelanggan kecewa, dapat mengakibatkan ketegangan dan stres pada karyawan serta pelanggan lain. &#13;
&#13;
Mengetahui kiat mengatasi konflik secara cepat dan profesional dapat memberikan perubahan penting terhadap cara karyawan melakukan tugasnya dan kesan pelanggan terhadap perusahaan.&#13;
&#13;
Buku ini menguraikan berbagai gagasan yang dapat diadaptasi dengan mudah dan praktis, sehingga membantu Anda, dalam segala situasi, mengatasi pelanggan yang kecewa secara efektif.</subfield>
    </datafield>
    <datafield tag="990" ind1="#" ind2="#">
      <subfield code="a">02045708</subfield>
    </datafield>
    <datafield tag="990" ind1="#" ind2="#">
      <subfield code="a">02045709</subfield>
    </datafield>
  </record>
</collection>
